[Event "Elit(Kamraterna-Linkoping)"]
[Site "?"]
[Date "2006.??.??"]
[Round "6"]
[White "Svenn, Gosta"]
[Black "Cramling, Pia"]
[Result "1-0"]
[WhiteElo "2385"]
[BlackElo "2583"]
[PlyCount "99"]
[EventDate "2006.??.??"]

1. d4 Nf6 2. Nf3 c6 3. c4 d6 4. Nc3 Nbd7 5. Bf4 Qa5 6. h3 e5 7. Bh2 Ne4 8. Qc2
d5 9. a3 exd4 10. Nxd4 Nxc3 11. bxc3 Be7 12. e3 O-O 13. Bd3 dxc4 14. Bxc4 Nb6
15. Bd3 h6 16. O-O Qa4 17. Qe2 Bd7 18. Qh5 Nd5 19. Nf5 Bxf5 20. Qxf5 g6 21. Qd7
Bf6 22. Qxb7 Nxc3 23. Qb4 Rfd8 24. Bc4 c5 25. Qxa4 Nxa4 26. Rac1 Rd2 27. Rfd1
Rad8 28. Rxd2 Rxd2 29. Bb3 Nc3 30. Kf1 a5 31. Bc7 a4 32. Bc4 Rb2 33. Bd3 Rb3
34. Bd6 Rxa3 35. Bxc5 Rb3 36. Bc4 Rb2 37. f3 h5 38. e4 Na2 39. Rd1 Rc2 40. Bxa2
Rxa2 41. Rd3 Rc2 42. Bd6 Bb2 43. Be7 f6 44. Rd7 a3 45. Ra7 Rc1+ 46. Ke2 Ra1 47.
Bc5 a2 48. Kd2 Be5 49. Kc2 g5 50. Ra5 1-0

[Event "Elit(Kamraterna-Linkoping)"]
[Site "?"]
[Date "2006.??.??"]
[Round "6"]
[White "Malesevic, Nedeljko"]
[Black "Hamark, Jesper"]
[Result "0-1"]
[WhiteElo "2341"]
[BlackElo "2304"]
[PlyCount "72"]
[EventDate "2006.??.??"]

1. d4 d5 2. Nf3 Nf6 3. c4 e6 4. cxd5 exd5 5. Bg5 c6 6. Nc3 Bf5 7. Bxf6 Qxf6 8.
Qb3 Nd7 9. e3 Be7 10. Be2 O-O 11. O-O Rab8 12. Rac1 Rfe8 13. Qd1 Bd6 14. Bd3
Re6 15. Bxf5 Qxf5 16. Nh4 Qg5 17. g3 Rbe8 18. Qf3 Nf6 19. Rc2 g6 20. Ng2 Ne4
21. Nxe4 Rxe4 22. a3 h5 23. h4 Qd8 24. b4 R8e6 25. Rb1 Rf6 26. Qd1 Qd7 27. f4
Qh3 28. Qf3 Qf5 29. Qf2 Rfe6 30. Rb3 Qg4 31. b5 c5 32. dxc5 Bxc5 33. Rd3 b6 34.
Rxd5 Bxe3 35. Nxe3 Rxe3 36. Rc8+ Kh7 0-1

[Event "Elit(Kamraterna-Linkoping)"]
[Site "?"]
[Date "2006.??.??"]
[Round "6"]
[White "Haggstrom, Olle"]
[Black "Olsson, Conny"]
[Result "1/2-1/2"]
[WhiteElo "2263"]
[BlackElo "2247"]
[PlyCount "28"]
[EventDate "2006.??.??"]

1. d4 b5 2. e4 a6 3. Be3 Bb7 4. Nd2 e6 5. Bd3 Nf6 6. f3 d5 7. e5 Nfd7 8. f4 c5
9. c3 cxd4 10. cxd4 Qb6 11. Ne2 g6 12. O-O h5 13. Qb1 Rg8 14. Nf3 Nc6 1/2-1/2

[Event "Elit(Kamraterna-Linkoping)"]
[Site "?"]
[Date "2006.??.??"]
[Round "6"]
[White "Rosberg, Simon"]
[Black "Wengholm, Anders"]
[Result "1-0"]
[WhiteElo "2147"]
[BlackElo "2261"]
[PlyCount "67"]
[EventDate "2006.??.??"]

1. d4 d5 2. Nf3 Nf6 3. c4 e6 4. g3 Be7 5. Bg2 O-O 6. O-O dxc4 7. Qc2 a6 8. a4
Nc6 9. Qxc4 a5 10. Nc3 Nb4 11. Bg5 Bd7 12. Ne5 c6 13. Qb3 Nfd5 14. Bxe7 Qxe7
15. Ne4 Nb6 16. Nc5 Be8 17. Ned3 N6d5 18. Bxd5 cxd5 19. Nxb4 axb4 20. Qxb4 Bc6
21. a5 Rfb8 22. Rfc1 Qe8 23. Qb6 e5 24. Nd3 exd4 25. Rc2 Qe4 26. Rac1 h5 27.
Nc5 Qg6 28. Rd2 Re8 29. a6 h4 30. axb7 Rab8 31. Na6 Qh6 32. Rdc2 hxg3 33. hxg3
Rxe2 34. Nxb8 1-0

[Event "Elit(Kamraterna-Linkoping)"]
[Site "?"]
[Date "2006.??.??"]
[Round "6"]
[White "Borvander, Tom"]
[Black "Fransson, Jorgen"]
[Result "1-0"]
[WhiteElo "2238"]
[BlackElo "2115"]
[PlyCount "93"]
[EventDate "2006.??.??"]

1. d4 f5 2. c4 Nf6 3. Nc3 e6 4. g3 d5 5. Bg2 c6 6. Qd3 Be7 7. Nh3 Ne4 8. O-O
O-O 9. Bf4 Bf6 10. f3 dxc4 11. Qxc4 Qxd4+ 12. Qxd4 Bxd4+ 13. e3 Bxc3 14. bxc3
Nxc3 15. Be5 Nd5 16. Rfe1 Nd7 17. Bd6 Rd8 18. e4 fxe4 19. fxe4 N5f6 20. Nf4 Nb6
21. Rad1 Re8 22. Nd3 Nc4 23. Ne5 Nxe5 24. Bxe5 Ng4 25. Bc3 e5 26. Rd6 Nf6 27.
Red1 Bg4 28. R1d2 h6 29. a3 Bh5 30. Kf2 Bg6 31. Ke3 Ng4+ 32. Ke2 Nf6 33. Ke3
Bh5 34. h3 Kh7 35. g4 Bf7 36. Bf3 Kg8 37. h4 Bc4 38. g5 hxg5 39. hxg5 Nh7 40.
Bh5 Rf8 41. Bxe5 Rf1 42. Rd7 Re1+ 43. Kd4 Nxg5 44. Rxg7+ Kf8 45. Rf2+ Bf7 46.
Rxg5 Rd8+ 47. Kc3 1-0

[Event "Elit(Kamraterna-Linkoping)"]
[Site "?"]
[Date "2006.??.??"]
[Round "6"]
[White "Klashed, Martin"]
[Black "Svenn, Matti"]
[Result "1-0"]
[WhiteElo "2106"]
[BlackElo "2290"]
[PlyCount "109"]
[EventDate "2006.??.??"]

1. e4 c5 2. Nf3 d6 3. d4 cxd4 4. Nxd4 Nf6 5. Nc3 a6 6. Be2 e5 7. Nb3 Be7 8. O-O
O-O 9. Kh1 Nc6 10. f4 exf4 11. Bxf4 Be6 12. Qe1 b5 13. Rd1 Qc7 14. Nd5 Bxd5 15.
exd5 Ne5 16. Nd4 Rfe8 17. Qg3 Ng6 18. Bf3 Nxf4 19. Qxf4 Bf8 20. Nc6 Qb6 21. Rd3
Rac8 22. g4 h6 23. h4 Nh7 24. Be4 Rc7 25. Rg3 Nf6 26. Bg2 Qc5 27. Qf5 Re3 28.
Rxe3 Qxe3 29. Qf3 Qxf3 30. Bxf3 g6 31. Re1 Bg7 32. g5 hxg5 33. hxg5 Nh7 34.
Re8+ Bf8 35. Ra8 Nxg5 36. Kg2 f5 37. Rxa6 Nxf3 38. Kxf3 g5 39. Ra7 g4+ 40. Kg3
Rxa7 41. Nxa7 b4 42. Nc6 Bg7 43. Ne7+ Kf7 44. Nxf5 Bxb2 45. Nxd6+ Kf6 46. Nc4
Bc1 47. Kxg4 Bh6 48. Kf3 Kf5 49. Nd6+ Ke5 50. Nf7+ Kxd5 51. Nxh6 Kc4 52. Nf5
Kc3 53. Ne3 Kb2 54. Ke2 Kxa2 55. Nd1 1-0

[Event "Elit(Kamraterna-Linkoping)"]
[Site "?"]
[Date "2006.??.??"]
[Round "6"]
[White "Madebrink, Lars"]
[Black "Carlsson, Ingvar"]
[Result "1-0"]
[WhiteElo "2220"]
[BlackElo "2045"]
[PlyCount "71"]
[EventDate "2006.??.??"]

1. d4 f5 2. c4 Nf6 3. Nc3 e6 4. Nf3 Bb4 5. Qb3 Qe7 6. a3 Bxc3+ 7. Qxc3 b6 8. g3
Bb7 9. Bg2 d6 10. O-O Nbd7 11. b3 O-O 12. Bb2 Ne4 13. Qc2 e5 14. dxe5 dxe5 15.
Rad1 Rad8 16. b4 c5 17. Qa4 Nd6 18. Nd2 Bxg2 19. Kxg2 e4 20. e3 Nf6 21. bxc5
bxc5 22. Nb3 Nd7 23. Qa6 Nb6 24. Nxc5 Nbxc4 25. Bc3 Rc8 26. Bb4 Rf6 27. Rd4 f4
28. exf4 e3 29. Rxc4 Nxc4 30. Qxc8+ Rf8 31. Qe6+ Qxe6 32. Nxe6 Re8 33. Nc7 Rc8
34. Nd5 e2 35. Re1 Rd8 36. Ne3 1-0

[Event "Elit(Manhem-Lulea)"]
[Site "?"]
[Date "2006.??.??"]
[Round "6"]
[White "Astrom, Robert"]
[Black "Akesson, Joel"]
[Result "1/2-1/2"]
[WhiteElo "2497"]
[BlackElo "2369"]
[PlyCount "138"]
[EventDate "2006.??.??"]

1. d4 Nf6 2. c4 e6 3. Nf3 Bb4+ 4. Nbd2 b6 5. a3 Bxd2+ 6. Bxd2 Bb7 7. g3 d6 8.
Bg2 Nbd7 9. O-O O-O 10. b4 Be4 11. a4 a6 12. Qb3 Qb8 13. Rfd1 Qb7 14. b5 axb5
15. axb5 Rxa1 16. Rxa1 Ra8 17. Ra3 h6 18. Bf1 d5 19. Rxa8+ Qxa8 20. Ne1 c5 21.
bxc6 Qxc6 22. e3 Qa8 23. Bb4 dxc4 24. Qxc4 Nd5 25. Bd2 N5f6 26. Qa6 Qd5 27. Qe2
Qa2 28. f3 Bd5 29. Bc3 Qb3 30. Qb2 Qxb2 31. Bxb2 Bc6 32. e4 Ne8 33. Nc2 Nc7 34.
Kf2 Bb5 35. Bh3 Nf6 36. Ba3 Bd3 37. Ne1 Bc4 38. Be7 Nb5 39. Ke3 Nc3 40. Kd2 Nb5
41. Nc2 Bb3 42. Bf1 Ba4 43. Bd3 Nd7 44. Bc4 Nf6 45. Ke3 Ne8 46. Nb4 Nbd6 47.
Ba2 Bb5 48. g4 Nc4+ 49. Kf2 Ned6 50. Bd8 Nc8 51. Bc7 Kf8 52. d5 Ke7 53. h4 Kd7
54. Bb8 Ne7 55. dxe6+ fxe6 56. h5 Nd6 57. Ke3 Nc6 58. Nxc6 Bxc6 59. Kf4 Bb5 60.
g5 hxg5+ 61. Kxg5 Be2 62. Kf4 b5 63. Ke3 Bd1 64. Ba7 b4 65. Bd4 b3 66. Bb1 e5
67. Bc5 Ke6 68. f4 Bxh5 69. f5+ Kd7 1/2-1/2

[Event "Elit(Manhem-Lulea)"]
[Site "?"]
[Date "2006.??.??"]
[Round "6"]
[White "Nithander, Victor"]
[Black "Larsson, Anders"]
[Result "1-0"]
[WhiteElo "2375"]
[BlackElo "2394"]
[PlyCount "123"]
[EventDate "2006.??.??"]

1. e4 e6 2. d4 d5 3. Nd2 a6 4. Ngf3 Nf6 5. e5 Nfd7 6. c4 Be7 7. Bd3 c5 8. cxd5
exd5 9. O-O O-O 10. Re1 Nc6 11. Nf1 cxd4 12. Bb1 f6 13. e6 Nc5 14. Nh4 Bxe6 15.
Qh5 d3 16. Rxe6 Nxe6 17. Bxd3 f5 18. Bxf5 Rxf5 19. Nxf5 Bf6 20. Bd2 Qe8 21. Qg4
Ne5 22. Qg3 Qg6 23. Ne7+ Bxe7 24. Qxe5 Rd8 25. Re1 Kf7 26. Ba5 Rd7 27. Ng3 Qf6
28. Qh5+ g6 29. Qxh7+ Ng7 30. h4 Qxh4 31. Qxh4 Bxh4 32. Nf1 Nf5 33. Rd1 Bd8 34.
Bxd8 Rxd8 35. Nh2 Ke6 36. Nf3 Rc8 37. Kf1 Kd6 38. Rd2 Rc4 39. Ke2 Nh4 40. Nxh4
Rxh4 41. Rd3 Rg4 42. g3 Rb4 43. b3 a5 44. Kd2 Rb6 45. Rd4 Kc5 46. Rf4 Re6 47.
a3 b5 48. b4+ axb4 49. axb4+ Kd6 50. Kd3 Ke5 51. Rf8 Ra6 52. Re8+ Kf5 53. Kd4
Kg4 54. Rf8 g5 55. Kxd5 Ra3 56. Kc5 Rf3 57. Rxf3 Kxf3 58. Kxb5 g4 59. Kc4 Kxf2
60. b5 Kxg3 61. b6 Kf2 62. b7 1-0

[Event "Elit(Manhem-Lulea)"]
[Site "?"]
[Date "2006.??.??"]
[Round "6"]
[White "Marklund, Nicklas"]
[Black "Sagit, Rauan"]
[Result "1-0"]
[WhiteElo "2267"]
[BlackElo "2328"]
[PlyCount "119"]
[EventDate "2006.??.??"]

1. d4 Nf6 2. c4 e6 3. Nf3 b6 4. Nc3 Bb7 5. a3 d5 6. Bg5 Be7 7. Bxf6 Bxf6 8.
cxd5 exd5 9. Qa4+ Nd7 10. g3 O-O 11. Bg2 c5 12. Rd1 cxd4 13. Nxd4 Nc5 14. Qc2
Rc8 15. O-O g6 16. Qb1 a6 17. Qa2 Ne6 18. Nxe6 fxe6 19. e4 Bxc3 20. exd5 Bxd5
21. Bxd5 exd5 22. Rxd5 Qe8 23. bxc3 Qf7 24. Qd2 Rxc3 25. Rd7 Rc2 26. Qxc2 Qxd7
27. Qb3+ Qf7 28. Qxb6 Qf6 29. Qc5 Qe6 30. Rb1 Rd8 31. h4 Qe4 32. Rc1 Re8 33.
Kh2 Rf8 34. Kg1 Rf7 35. Qb6 Qf5 36. a4 Rf6 37. Qd4 Rf7 38. Rc5 Qf6 39. Qe3 Kg7
40. h5 h6 41. hxg6 Qxg6 42. a5 Kh7 43. Re5 Qb1+ 44. Kg2 Qb7+ 45. Qe4+ Qxe4+ 46.
Rxe4 Rf5 47. Re7+ Kg8 48. Re6 Rxa5 49. Rxh6 Kg7 50. Rb6 Ra4 51. f4 a5 52. Kf3
Ra1 53. Kg4 a4 54. Kf5 Ra3 55. Rb7+ Kf8 56. g4 Rb3 57. Ra7 Rb5+ 58. Kf6 Rb6+
59. Kg5 Rb4 60. f5 1-0

[Event "Elit(Manhem-Lulea)"]
[Site "?"]
[Date "2006.??.??"]
[Round "6"]
[White "Schneider, Lars-Ake"]
[Black "Engstrom, Kaj"]
[Result "1/2-1/2"]
[WhiteElo "2356"]
[BlackElo "2206"]
[PlyCount "75"]
[EventDate "2006.??.??"]

1. e4 c5 2. Nf3 e6 3. d4 cxd4 4. Nxd4 a6 5. Nc3 b5 6. Bd3 Bc5 7. Nb3 Ba7 8. O-O
b4 9. Na4 Ne7 10. a3 bxa3 11. Rxa3 O-O 12. Qh5 Ng6 13. e5 Nc6 14. Nbc5 Ncxe5
15. Be4 d5 16. Bxg6 Nxg6 17. Rh3 h6 18. Bxh6 e5 19. Bg5 f6 20. Qxg6 Bxh3 21.
Bh6 Rf7 22. gxh3 Qc8 23. b4 Qxh3 24. Bd2 Rc8 25. Re1 a5 26. Re3 Qh7 27. Qg4 f5
28. Qg2 f4 29. Rxe5 Qxc2 30. Qxd5 Qd1+ 31. Re1 Qg4+ 32. Kh1 axb4 33. Rg1 Qf5
34. Qxf5 Rxf5 35. Bxb4 Bxc5 36. Nxc5 Rcxc5 37. Bxc5 Rxc5 38. Rg4 1/2-1/2

[Event "Elit(Manhem-Lulea)"]
[Site "?"]
[Date "2006.??.??"]
[Round "6"]
[White "Almstrom, Martin"]
[Black "Hultin, Johan"]
[Result "0-1"]
[WhiteElo "2245"]
[BlackElo "2296"]
[PlyCount "80"]
[EventDate "2006.??.??"]

1. d4 Nf6 2. c4 g6 3. Nc3 Bg7 4. e4 d6 5. f3 O-O 6. Nge2 a6 7. Be3 Nbd7 8. Qd2
c5 9. d5 b5 10. cxb5 Nb6 11. Ng3 axb5 12. Bxb5 Ba6 13. Bxa6 Rxa6 14. b3 Qd7 15.
O-O Rfa8 16. Rab1 Ne8 17. Nge2 Nc7 18. Kh1 Nb5 19. a4 Nxc3 20. Nxc3 Nc8 21. Nb5
Rb8 22. Bh6 Bh8 23. f4 Na7 24. Na3 Rab6 25. Qd3 Qb7 26. e5 Nc8 27. Nb5 dxe5 28.
fxe5 Bxe5 29. Qe3 Bg7 30. Bxg7 Kxg7 31. Qxc5 Nd6 32. Nxd6 Rxd6 33. Rfd1 Rbd8
34. b4 Rxd5 35. Rxd5 Rxd5 36. Qc3+ f6 37. b5 Qd7 38. Qc2 Rd2 39. Qb3 Qd4 40.
Qf3 Qxa4 0-1

[Event "Elit(Manhem-Lulea)"]
[Site "?"]
[Date "2006.??.??"]
[Round "6"]
[White "Andersson, Bjorn"]
[Black "Pettersson, Tobias"]
[Result "1-0"]
[WhiteElo "2310"]
[BlackElo "2147"]
[PlyCount "126"]
[EventDate "2006.??.??"]

1. e4 d6 2. d4 Nf6 3. Nc3 g6 4. Nf3 Bg7 5. h3 a6 6. Be3 O-O 7. a4 b6 8. Bd3 Bb7
9. O-O Nbd7 10. Nd2 e5 11. dxe5 dxe5 12. Bc4 Nh5 13. Nb3 Qe7 14. Nd5 Bxd5 15.
Bxd5 Rad8 16. Qf3 a5 17. c3 Kh8 18. Rfd1 Bf6 19. Qg4 Nf4 20. Bxf4 exf4 21. Qxf4
Ne5 22. Nd4 Bg5 23. Qg3 Qf6 24. Ne2 Bh4 25. Qe3 Qe7 26. f4 Nd7 27. g3 Bf6 28.
Qf2 Nc5 29. e5 Bg7 30. Rd4 c6 31. Bc4 Rxd4 32. cxd4 Ne4 33. Qe3 Nd6 34. Bd3 Ne8
35. Qd2 Qd7 36. Be4 Qxh3 37. Bxc6 Nc7 38. Bg2 Qg4 39. d5 Rd8 40. Rd1 Bf8 41. d6
Ne6 42. Qe3 Nc5 43. Rd4 Qe6 44. Qf3 Kg8 45. Nc3 Qb3 46. Qe2 Qe6 47. Bd5 Qh3 48.
Qf3 Qf5 49. Kg2 h5 50. Bc4 Kg7 51. Bd3 Qe6 52. Bc2 Qe8 53. Nd5 Rb8 54. Nf6 Qd8
55. Nxh5+ Kh6 56. Nf6 Ne6 57. Rd1 Kg7 58. Rh1 Bxd6 59. Rh7+ Kf8 60. Rh8+ Ke7
61. Nd5+ Kd7 62. Rxd8+ Kxd8 63. exd6 Kd7 1-0

[Event "Elit(Manhem-Lulea)"]
[Site "?"]
[Date "2006.??.??"]
[Round "6"]
[White "Bryngelsson, Johan"]
[Black "Moberg, Karl-Johan"]
[Result "0-1"]
[WhiteElo "2152"]
[BlackElo "2308"]
[PlyCount "58"]
[EventDate "2006.??.??"]

1. Nc3 e5 2. Nf3 Nc6 3. d4 exd4 4. Nxd4 Nf6 5. Bg5 Bb4 6. Nxc6 bxc6 7. Qd4 Be7
8. e4 O-O 9. O-O-O c5 10. Qd2 d6 11. h4 Be6 12. Be2 Rb8 13. f4 Rb4 14. f5 Bc4
15. Bxc4 Rxc4 16. e5 dxe5 17. Qe2 Rd4 18. Qxe5 Re8 19. Bxf6 gxf6 20. Qg3+ Kh8
21. Rhe1 Bd6 22. Qf2 Rxe1 23. Qxe1 Bf4+ 24. Kb1 Bd2 25. Rxd2 Rxd2 26. Qf1 Qd4
27. a4 Qf2 28. Qa6 Qxf5 29. Qc8+ Qxc8 0-1

[Event "Elit(Manhem-Lulea)"]
[Site "?"]
[Date "2006.??.??"]
[Round "6"]
[White "Kinnmark, Ove"]
[Black "Pousette, Gunnar"]
[Result "1-0"]
[WhiteElo "2280"]
[BlackElo "2134"]
[PlyCount "99"]
[EventDate "2006.??.??"]

1. e4 c5 2. Nf3 Nc6 3. Bb5 g6 4. O-O Bg7 5. c3 Nf6 6. Re1 O-O 7. h3 Qb6 8. Ba4
d5 9. e5 Ne8 10. d4 Nc7 11. dxc5 Qxc5 12. b4 Qb6 13. Na3 d4 14. Bxc6 Qxc6 15.
Qxd4 Be6 16. c4 Rfd8 17. b5 Qe8 18. Qh4 Rd3 19. Nc2 Rad8 20. Ne3 h6 21. Bb2 g5
22. Qe4 R3d7 23. a4 f6 24. exf6 exf6 25. Nf5 Bxf5 26. Qxf5 Qf7 27. Rac1 Rd3 28.
a5 Rb3 29. Rc2 Qd7 30. Qg6 Qd3 31. Qxd3 Rbxd3 32. Re7 R3d7 33. Rxd7 Rxd7 34. b6
axb6 35. axb6 Ne6 36. c5 Nd8 37. Nd4 f5 38. Nxf5 Bf8 39. g4 Ne6 40. c6 bxc6 41.
Rxc6 Nf4 42. Nxh6+ Bxh6 43. Rxh6 Rd1+ 44. Kh2 Rd2 45. Be5 Rxf2+ 46. Kg3 Rd2 47.
b7 Rd3+ 48. Kf2 Rd2+ 49. Kf3 Rd3+ 50. Ke4 1-0

[Event "Elit(Limhamn-Eksjo)"]
[Site "?"]
[Date "2006.??.??"]
[Round "6"]
[White "Gdanski, Jacek"]
[Black "Hector, Jonny"]
[Result "1/2-1/2"]
[WhiteElo "2606"]
[BlackElo "2609"]
[PlyCount "88"]
[EventDate "2006.??.??"]

1. e4 e5 2. Nf3 Nc6 3. Bb5 a6 4. Ba4 Nf6 5. O-O b5 6. Bb3 Bb7 7. d3 Bc5 8. a4
O-O 9. Nc3 Na5 10. axb5 Nxb3 11. cxb3 axb5 12. Rxa8 Bxa8 13. Nxe5 d5 14. Bg5
dxe4 15. dxe4 Qxd1 16. Rxd1 b4 17. Bxf6 bxc3 18. bxc3 gxf6 19. Nd7 Bd6 20. Nxf8
Kxf8 21. f3 Ke7 22. Ra1 Bc6 23. Ra5 Be5 24. c4 Bd7 25. Kf2 c5 26. Ke2 Kd6 27.
g3 f5 28. f4 Bd4 29. e5+ Ke7 30. Ra6 f6 31. exf6+ Bxf6 32. Kd3 h5 33. Rb6 Bb2
34. b4 cxb4 35. Rxb4 Ba3 36. Rb6 Bc5 37. Rh6 Be8 38. Ra6 Bg1 39. Ra2 Bc6 40.
Re2+ Kd6 41. h3 Bb6 42. Re5 Bd7 43. Ke2 Bc5 44. Kf1 Be6 1/2-1/2

[Event "Elit(Limhamn-Eksjo)"]
[Site "?"]
[Date "2006.??.??"]
[Round "6"]
[White "Brynell, Stellan"]
[Black "Vernersson, Per"]
[Result "1-0"]
[WhiteElo "2609"]
[BlackElo "2522"]
[PlyCount "53"]
[EventDate "2006.??.??"]

1. d4 d5 2. c4 e6 3. Nf3 Nf6 4. Nc3 Be7 5. Bg5 Nbd7 6. e3 O-O 7. Rc1 a6 8. c5
c6 9. Bd3 e5 10. dxe5 Ne8 11. h4 Nxc5 12. Bb1 f6 13. Qc2 g6 14. Bh6 Ng7 15.
exf6 Bxf6 16. Nxd5 Qxd5 17. Qxc5 Qxc5 18. Rxc5 Bxb2 19. h5 Bf5 20. Ke2 Ba3 21.
Rc3 Be7 22. hxg6 hxg6 23. e4 Bg4 24. e5 Bf5 25. Nd4 Rf7 26. Bxg7 Kxg7 27. Nxf5+
1-0

[Event "Elit(Limhamn-Eksjo)"]
[Site "?"]
[Date "2006.??.??"]
[Round "6"]
[White "Schussler, Harry"]
[Black "Schneider, Stefan"]
[Result "1/2-1/2"]
[WhiteElo "2459"]
[BlackElo "2451"]
[PlyCount "42"]
[EventDate "2006.??.??"]

1. d4 d5 2. Nf3 Nf6 3. c4 c6 4. Qb3 dxc4 5. Qxc4 Bf5 6. g3 e6 7. Bg2 Nbd7 8.
O-O Be7 9. Bg5 O-O 10. Nc3 Ne4 11. Bxe7 Qxe7 12. e3 Rfd8 13. Rac1 Nxc3 14. Qxc3
Be4 15. Rfd1 h6 16. b4 Qd6 17. a3 a5 18. Ne1 Bxg2 19. Kxg2 axb4 20. axb4 Qd5+
21. Kg1 Ra2 1/2-1/2

[Event "Elit(Limhamn-Eksjo)"]
[Site "?"]
[Date "2006.??.??"]
[Round "6"]
[White "Eriksson, Magnus"]
[Black "Rothen, Hakan"]
[Result "1-0"]
[WhiteElo "2431"]
[BlackElo "2366"]
[PlyCount "99"]
[EventDate "2006.??.??"]

1. d4 g6 2. c4 Bg7 3. Nf3 d6 4. g3 e5 5. Nc3 Nc6 6. d5 Nce7 7. Bg2 f5 8. O-O
Nf6 9. Ng5 O-O 10. b3 h6 11. Ne6 Bxe6 12. dxe6 c6 13. e4 Nxe4 14. Nxe4 fxe4 15.
Ba3 Nf5 16. Bxe4 Rf6 17. Qd3 Rxe6 18. Bxf5 gxf5 19. Qxf5 Qf6 20. Qe4 Qg6 21.
Qxg6 Rxg6 22. Rad1 Bf8 23. Rfe1 Kf7 24. c5 d5 25. Rxe5 Re6 26. Rxe6 Kxe6 27.
Bc1 Bxc5 28. Bxh6 d4 29. h4 Kd5 30. Kg2 Bf8 31. Bc1 Bg7 32. g4 Rh8 33. Kg3 c5
34. a4 b5 35. axb5 Rb8 36. g5 Rxb5 37. h5 Rxb3+ 38. Kg4 c4 39. h6 Bh8 40. g6
Rb7 41. Kf5 a5 42. Rg1 c3 43. g7 Bxg7 44. hxg7 Rf7+ 45. Kg6 Rxg7+ 46. Kxg7 d3
47. f4 Ke4 48. Kg6 d2 49. Bxd2 cxd2 50. f5 1-0

[Event "Elit(Limhamn-Eksjo)"]
[Site "?"]
[Date "2006.??.??"]
[Round "6"]
[White "Miskulin, Dennis"]
[Black "Jepson, Christian"]
[Result "0-1"]
[WhiteElo "2299"]
[BlackElo "2476"]
[PlyCount "134"]
[EventDate "2006.??.??"]

1. e4 c5 2. c3 e6 3. d4 d5 4. exd5 exd5 5. Nf3 Nc6 6. Bb5 Bd6 7. O-O Nge7 8.
dxc5 Bxc5 9. Nbd2 O-O 10. Nb3 Bb6 11. Bf4 h6 12. Qd2 Bg4 13. Nfd4 a6 14. Be2
Bxe2 15. Nxe2 Qd7 16. Rad1 Rad8 17. Ned4 Ng6 18. Be3 Nce5 19. Qc2 Ng4 20. Bc1
f5 21. Rde1 Rf6 22. f4 Re6 23. h3 Rxe1 24. Rxe1 Nf6 25. Be3 Re8 26. Qxf5 Qxf5
27. Nxf5 Nxf4 28. Nbd4 Nd3 29. Re2 Bxd4 30. Nxd4 b5 31. Nf5 Re5 32. g4 h5 33.
Rd2 hxg4 34. hxg4 Nxg4 35. Rxd3 Rxf5 36. Bd4 Ne5 37. Bxe5 Rxe5 38. Kf2 Kf7 39.
Rd4 Ke6 40. Kf3 Rf5+ 41. Kg3 Re5 42. Kf3 Rf5+ 43. Kg3 Rg5+ 44. Kf3 Kd6 45. a4
Rg1 46. axb5 axb5 47. Kf2 Rg5 48. Kf3 Re5 49. Rd2 Kc5 50. Kf4 Re4+ 51. Kf5 b4
52. cxb4+ Rxb4 53. Rg2 Rb7 54. Ke6 Kc4 55. Rc2+ Kd3 56. Rg2 d4 57. Kd5 Rb5+ 58.
Kc6 Rb8 59. Kd5 Rd8+ 60. Kc5 Rd7 61. Rh2 Ke3 62. Rh3+ Ke2 63. Rh2+ Ke3 64. Rh3+
Kd2 65. Rh2+ Kc1 66. Rh1+ Kxb2 67. Rh2+ Kc3 0-1

[Event "Elit(Limhamn-Eksjo)"]
[Site "?"]
[Date "2006.??.??"]
[Round "6"]
[White "Dragicevic, Drazen"]
[Black "Thornert, Hakan"]
[Result "1-0"]
[WhiteElo "2298"]
[BlackElo "2277"]
[PlyCount "61"]
[EventDate "2006.??.??"]

1. e4 c5 2. Nf3 d6 3. d4 cxd4 4. Nxd4 Nf6 5. Nc3 g6 6. Be3 Bg7 7. f3 Nc6 8. Qd2
O-O 9. Bc4 Bd7 10. h4 Rc8 11. Bb3 h5 12. O-O-O Ne5 13. Bg5 Rc5 14. Rhe1 Qa5 15.
Nd5 Qxd2+ 16. Rxd2 Nxd5 17. exd5 Re8 18. Kb1 a5 19. a3 a4 20. Ba2 Nc4 21. Rdd1
Kf8 22. c3 b5 23. Nc2 Bf5 24. Bxc4 Rxc4 25. g3 Be5 26. Rg1 Rec8 27. Bd2 R8c5
28. Kc1 Bxc2 29. Kxc2 Rxd5 30. Bh6+ Ke8 31. Rxd5 1-0

[Event "Elit(Limhamn-Eksjo)"]
[Site "?"]
[Date "2006.??.??"]
[Round "6"]
[White "Andersson, Johan"]
[Black "Nylen, Anders"]
[Result "0-1"]
[WhiteElo "2237"]
[BlackElo "2285"]
[PlyCount "72"]
[EventDate "2006.??.??"]

1. e4 c5 2. Nf3 d6 3. d4 cxd4 4. Qxd4 Nc6 5. Bb5 Bd7 6. Bxc6 Bxc6 7. Nc3 Nf6 8.
Bg5 e6 9. O-O-O Be7 10. Rhe1 O-O 11. Kb1 Qa5 12. Qd2 Kh8 13. Nd4 Rfd8 14. f3 a6
15. g4 Rac8 16. h4 b5 17. Rc1 Bb7 18. Nb3 Qc7 19. Ne2 b4 20. Ng3 a5 21. Nd4 Ba6
22. Nh5 Nxh5 23. gxh5 Bxg5 24. hxg5 Qe7 25. g6 Rc5 26. Rh1 h6 27. gxf7 Qxf7 28.
Rcg1 Bc8 29. Qh2 a4 30. Rg3 Qf6 31. Qd2 Rc4 32. Ne2 a3 33. Qc1 Ba6 34. b3 Rxc2
35. Qxc2 Bd3 36. Kc1 Bxc2 0-1

[Event "Elit(Limhamn-Eksjo)"]
[Site "?"]
[Date "2006.??.??"]
[Round "6"]
[White "Penalver, Osmani"]
[Black "Gustafsson, Fredrik"]
[Result "1-0"]
[WhiteElo "2235"]
[BlackElo "2209"]
[PlyCount "73"]
[EventDate "2006.??.??"]

1. d4 Nf6 2. c4 g6 3. Nc3 d5 4. Nf3 Bg7 5. Bg5 Ne4 6. cxd5 Nxg5 7. Nxg5 e6 8.
Qd2 exd5 9. Qe3+ Kf8 10. Qf4 Bf6 11. h4 Kg7 12. e4 Be6 13. e5 Be7 14. Nxe6+
fxe6 15. Qg4 Nc6 16. h5 Qe8 17. h6+ Kf8 18. Rh3 Bb4 19. Rf3+ Ke7 20. O-O-O Rf8
21. Rdd3 Rf5 22. Rxf5 gxf5 23. Qh4+ Kd7 24. g4 Qg6 25. gxf5 Qxf5 26. Nxd5 Rd8
27. Bh3 Be7 28. Nxe7 Qxd3 29. Bxe6+ Kxe6 30. Qf6+ Kd7 31. e6+ Kd6 32. Nf5+ Kd5
33. Ne3+ Ke4 34. Qf5+ Kxd4 35. Nc2+ Kc4 36. b3+ Kc3 37. Qc5+ 1-0

[Event "Elit(LASK-Skara)"]
[Site "?"]
[Date "2006.??.??"]
[Round "6"]
[White "Hillarp-Persson, Tiger"]
[Black "Tikkanen, Hans"]
[Result "1-0"]
[WhiteElo "2599"]
[BlackElo "2426"]
[PlyCount "53"]
[EventDate "2006.??.??"]

1. d4 Nf6 2. c4 c5 3. d5 b5 4. cxb5 a6 5. bxa6 g6 6. Nc3 Bxa6 7. e4 Bxf1 8.
Kxf1 d6 9. Nf3 Bg7 10. g3 O-O 11. Kg2 Na6 12. Re1 Nc7 13. Bg5 Ra6 14. Qd2 Re8
15. Bxf6 Bxf6 16. h4 h5 17. Rad1 Qa8 18. Re2 Kg7 19. Qc2 Rd8 20. b3 Qb7 21. Rd3
Qb4 22. Nb1 Rb8 23. a3 Qb7 24. a4 Rb6 25. Nfd2 Na6 26. Rf3 c4 27. Nxc4 1-0

[Event "Elit(LASK-Skara)"]
[Site "?"]
[Date "2006.??.??"]
[Round "6"]
[White "Olsson, Linus"]
[Black "Winsnes, Rikard"]
[Result "1/2-1/2"]
[WhiteElo "2424"]
[BlackElo "2510"]
[PlyCount "46"]
[EventDate "2006.??.??"]

1. c4 Nf6 2. Nc3 c5 3. g3 g6 4. Bg2 Bg7 5. e4 Nc6 6. Nge2 d6 7. O-O Nd7 8. f4
Nf8 9. f5 Nd7 10. d3 O-O 11. Be3 Nd4 12. Qd2 e6 13. Bg5 Nxe2+ 14. Nxe2 f6 15.
Be3 Ne5 16. fxe6 Bxe6 17. Nf4 Bd7 18. Kh1 Rb8 19. Rac1 Nc6 20. Nd5 Be6 21. Nf4
Bd7 22. Nd5 Be6 23. Nf4 Bd7 1/2-1/2

[Event "Elit(LASK-Skara)"]
[Site "?"]
[Date "2006.??.??"]
[Round "6"]
[White "Eklund, Lars-Goran"]
[Black "Niklasson, Christer"]
[Result "1-0"]
[WhiteElo "2330"]
[BlackElo "2423"]
[PlyCount "85"]
[EventDate "2006.??.??"]

1. Nf3 f5 2. e4 fxe4 3. Ng5 Nf6 4. d3 e3 5. fxe3 e5 6. Be2 Bb4+ 7. c3 Be7 8.
O-O O-O 9. c4 c6 10. Nc3 h6 11. Nf3 d6 12. Nh4 Nh7 13. Nf3 Nf6 14. d4 e4 15.
Nh4 d5 16. Ng6 Re8 17. Nxe7+ Rxe7 18. Bd2 Be6 19. b3 Nbd7 20. Be1 Nf8 21. Rc1
a6 22. Bh4 Rf7 23. cxd5 cxd5 24. b4 Ng6 25. Bg3 Rc8 26. h3 Ne7 27. Qb3 Nf5 28.
Bf2 Rfc7 29. a4 Qd7 30. b5 axb5 31. Bxb5 Qf7 32. Ne2 Rxc1 33. Nxc1 Qg6 34. Ne2
Bf7 35. Qb2 Qg5 36. Nf4 h5 37. Rc1 Rxc1+ 38. Qxc1 Nh4 39. Qc8+ Kh7 40. Qxb7
Nf3+ 41. Kh1 Bg6 42. Ne6 Qh6 43. Bg3 1-0

[Event "Elit(LASK-Skara)"]
[Site "?"]
[Date "2006.??.??"]
[Round "6"]
[White "Semcesen, Daniel"]
[Black "Mohammadi, Amir"]
[Result "1/2-1/2"]
[WhiteElo "2308"]
[BlackElo "2287"]
[PlyCount "88"]
[EventDate "2006.??.??"]

1. d4 f5 2. Nc3 Nf6 3. Bg5 d5 4. f3 Nc6 5. e3 e6 6. Qd2 a6 7. Nge2 Be7 8. Nf4
O-O 9. Nd3 Na5 10. b3 b6 11. Be2 c5 12. O-O Nc6 13. Ne5 Qc7 14. Rad1 cxd4 15.
Nxc6 Qxc6 16. Qxd4 Bb7 17. Na4 b5 18. Nb2 h6 19. Bf4 Nd7 20. c4 e5 21. Bxe5
Nxe5 22. Qxe5 Bf6 23. Qxf5 Bxb2 24. Qxd5+ Kh8 25. Qh5 Qb6 26. c5 Qe6 27. e4
Rad8 28. Kh1 Ba3 29. Bd3 Qe7 30. e5 Qe6 31. f4 Bxc5 32. Qe2 Rde8 33. Bb1 g6 34.
Qc2 Bb4 35. Rd4 Ba3 36. b4 Qc6 37. Qxc6 Bxc6 38. Rd6 Bb7 39. Rxg6 Bxb4 40.
Rxh6+ Kg8 41. e6 Bd5 42. Rg6+ Kh8 43. Rh6+ Kg8 44. Rg6+ Kh8 1/2-1/2